000 00892nam a2200301 a 4500
003 AR-BaBNM
005 20251128203441.0
008 082120s2002 ||||||||||||||000 | spa||
040 _cAR-BaBNM
100 1 _aDíaz Molano, Elías
245 0 0 _aTierras australes argentinas
_bMalvinas-Antártida
260 _aBuenos Aires
_bSociedad Geográfica Americana
_c1948
300 _a384 p.
_bil., láms.,mapas
504 _aBibliografía para consultar p. 193-200 y p. 373-380
650 4 _aPERIODO HISPANICO
650 4 _aPERIODO INDEPENDIENTE
650 4 _aHISTORIA POLITICA ARGENTINA
650 4 _aMISIONES DIPLOMATICAS
650 4 _aTRATADO DE TORDESILLAS
650 4 _aGEOFISICA
650 4 _aGEOGRAFIA FISICA
651 4 _aIslas Malvinas
651 4 _aAntártida
700 1 _aHomet, Esteban
700 1 _aChaparro, Félix
_eprologuista
942 _cBK
998 _cmariana
999 _c3439
_d3439